[Event "Agen 2017 - Open B"]
[Site "?"]
[Date "2017.08.23"]
[Round "5.4"]
[White "Ballan, Guillaume"]
[Black "Chiche, Thibaut"]
[Result "1-0"]
[LiveChessVersion "1.4.8"]
[BlackElo "1972"]
[WhiteElo "1927"]

1. e4 {[%clk 1:30:37]} e5 {[%clk 1:30:48]} 2. Nf3 {[%clk 1:30:18]} Nc6
{[%clk 1:31:13]} 3. d4 {[%clk 1:29:25]} exd4 {[%clk 1:30:34]} 4. Bc4
{[%clk 1:29:42]} Bc5 {[%clk 1:30:50]} 5. c3 {[%clk 1:29:43]} Nf6 {[%clk 1:30:47]}
6. cxd4 {[%clk 1:29:30]} Bb4+ {[%clk 1:30:12]} 7. Bd2 {[%clk 1:29:47]} Nxe4
{[%clk 1:28:09]} 8. Bxb4 {[%clk 1:29:58]} Nxb4 {[%clk 1:28:30]} 9. Bxf7+
{[%clk 1:29:51]} Kxf7 {[%clk 1:28:56]} 10. Qb3+ {[%clk 1:30:16]} d5
{[%clk 1:29:18]} 11. Ne5+ {[%clk 1:30:11]} Ke6 {[%clk 1:29:27]} 12. Qxb4
{[%clk 1:29:52]} c5 {[%clk 1:27:39]} 13. Qa3 {[%clk 1:13:22]} cxd4
{[%clk 1:26:28]} 14. Nf3 {[%clk 1:12:08]} Rf8 {[%clk 1:18:10]} 15. Nxd4+
{[%clk 1:02:22]} Kf7 {[%clk 1:15:52]} 16. O-O {[%clk 0:55:11]} Kg8
{[%clk 1:09:59]} 17. Qd3 {[%clk 0:47:16]} b6 {[%clk 0:50:47]} 18. Nd2
{[%clk 0:38:52]} Nc5 {[%clk 0:46:02]} 19. Qg3 {[%clk 0:35:17]} Qf6
{[%clk 0:36:15]} 20. N2f3 {[%clk 0:25:19]} Ne4 {[%clk 0:24:29]} 21. Qe5
{[%clk 0:17:35]} Qxe5 {[%clk 0:16:25]} 22. Nxe5 {[%clk 0:16:24]} Ba6
{[%clk 0:13:01]} 23. Rfc1 {[%clk 0:16:30]} Rxf2 {[%clk 0:04:19]} 24. Rc7
{[%clk 0:14:03]} Raf8 {[%clk 0:04:29]} 25. h3 {[%clk 0:13:36]} Re8
{[%clk 0:01:55]} 26. Ng4 {[%clk 0:09:58]} Rf7 {[%clk 0:01:04]} 27. Rac1
{[%clk 0:09:40]} Nc5 {[%clk 0:00:48]} 28. Rxf7 {[%clk 0:08:13]} Kxf7
{[%clk 0:01:17]} 29. b4 {[%clk 0:08:12]} Nd3 {[%clk 0:00:56]} 30. Rc3
{[%clk 0:07:05]} Bc4 {[%clk 0:00:45]} 31. Nf5 {[%clk 0:06:55]} Re1+
{[%clk 0:00:50]} 32. Kh2 {[%clk 0:07:18]} Rc1 {[%clk 0:00:40]} 33. Ra3 a6
{[%clk 0:00:38]} 34. Nfe3 {[%clk 0:05:36]} Nxb4 {[%clk 0:00:44]} 35. Nf5
{[%clk 0:03:57]} a5 {[%clk 0:00:45]} 36. Re3 {[%clk 0:04:14]} Nc6
{[%clk 0:00:54]} 37. Nd6+ {[%clk 0:03:43]} Kg6 {[%clk 0:01:23]} 38. Re6+ Kh5 39.
Nf5 {[%clk 0:01:20]} Bd3 {[%clk 0:01:41]} 40. Nxg7+ {[%clk 0:31:28]} Kg5
{[%clk 0:32:10]} 41. Kg3 {[%clk 0:28:23]} 1-0

[Event "Agen 2017 - Open C"]
[Site "?"]
[Date "2017.08.23"]
[Round "5.1"]
[White "Pobedonostzeff, Franck"]
[Black "Jackson, Edgar"]
[Result "1/2-1/2"]
[LiveChessVersion "1.4.8"]
[BlackElo "1641"]
[WhiteElo "1743"]

1. e4 {[%clk 1:26:59]} c5 {[%clk 1:30:54]} 2. Nf3 {[%clk 1:27:22]} e6
{[%clk 1:31:16]} 3. c3 {[%clk 1:27:47]} Nf6 {[%clk 1:31:15]} 4. Bd3
{[%clk 1:24:30]} d6 {[%clk 1:24:38]} 5. Bc2 {[%clk 1:24:45]} Nc6 {[%clk 1:22:33]}
6. O-O {[%clk 1:24:21]} Be7 {[%clk 1:18:19]} 7. d4 {[%clk 1:18:23]} cxd4
{[%clk 1:17:29]} 8. cxd4 {[%clk 1:13:28]} d5 {[%clk 1:06:25]} 9. e5
{[%clk 1:10:26]} Nd7 {[%clk 1:06:30]} 10. Nc3 {[%clk 1:09:16]} a6
{[%clk 1:01:58]} 11. Re1 {[%clk 1:02:13]} b5 {[%clk 0:57:45]} 12. Ne2
{[%clk 0:59:05]} Nb6 {[%clk 0:44:50]} 13. Nf4 {[%clk 0:56:19]} h5
{[%clk 0:42:23]} 14. Nh3 {[%clk 0:55:12]} Kd7 {[%clk 0:27:23]} 15. Nfg5
{[%clk 0:50:09]} Qg8 {[%clk 0:27:00]} 16. f4 {[%clk 0:48:13]} Kc7
{[%clk 0:25:24]} 17. b3 {[%clk 0:39:41]} Bb4 {[%clk 0:23:18]} 18. Rf1
{[%clk 0:38:40]} Bc3 {[%clk 0:23:28]} 19. Be3 {[%clk 0:36:56]} Bxa1
{[%clk 0:19:54]} 20. Qxa1 {[%clk 0:37:25]} f6 {[%clk 0:17:39]} 21. Nf3
{[%clk 0:36:15]} f5 {[%clk 0:17:13]} 22. Nf2 {[%clk 0:35:58]} Qf8
{[%clk 0:11:17]} 23. Nd3 {[%clk 0:36:01]} Nd7 {[%clk 0:11:03]} 24. Rc1
{[%clk 0:31:36]} Bb7 {[%clk 0:10:08]} 25. Ng5 {[%clk 0:26:10]} Qe7
{[%clk 0:09:15]} 26. Bd1 {[%clk 0:25:54]} Rhc8 {[%clk 0:09:03]} 27. Bxh5
{[%clk 0:25:35]} Kb8 {[%clk 0:06:32]} 28. Nf7 {[%clk 0:19:21]} g6
{[%clk 0:04:35]} 29. Bxg6 {[%clk 0:18:48]} Rg8 {[%clk 0:04:04]} 30. Bh5
{[%clk 0:18:43]} Ka7 {[%clk 0:02:08]} 31. Ng5 {[%clk 0:16:22]} Rac8
{[%clk 0:02:02]} 32. a4 {[%clk 0:15:58]} b4 {[%clk 0:02:18]} 33. Nc5
{[%clk 0:11:56]} Nd8 {[%clk 0:01:59]} 34. Be2 {[%clk 0:11:42]} Nxc5
{[%clk 0:02:07]} 35. dxc5 {[%clk 0:11:51]} Nc6 {[%clk 0:01:59]} 36. Bb5
{[%clk 0:09:43]} a5 {[%clk 0:02:14]} 37. Bxc6 {[%clk 0:03:59]} Bxc6
{[%clk 0:02:27]} 38. Qd4 {[%clk 0:04:11]} Rh8 {[%clk 0:01:36]} 39. Rf1
{[%clk 0:00:47]} Rh4 {[%clk 0:01:29]} 40. Rf3 {[%clk 0:30:47]} Rg8
{[%clk 0:31:36]} 41. Rh3 {[%clk 0:20:12]} Rxh3 {[%clk 0:19:03]} 42. Nxh3
{[%clk 0:20:38]} Qh4 {[%clk 0:19:16]} 43. Kf1 {[%clk 0:17:39]} Qg4
{[%clk 0:18:22]} 44. Ng5 Qh4 45. Nf7 Kb8 46. Kg1 {[%clk 0:11:18]} Qe7 1/2-1/2

[Event "Agen 2017 - Open C"]
[Site "?"]
[Date "2017.08.23"]
[Round "5.2"]
[White "Van Den Brande, Norman"]
[Black "Perlant, Matthieu"]
[Result "1/2-1/2"]
[LiveChessVersion "1.4.8"]
[BlackElo "1697"]
[WhiteElo "1503"]

1. d4 {[%clk 1:30:57]} Nf6 {[%clk 1:30:52]} 2. c4 {[%clk 1:31:23]} g6
{[%clk 1:31:05]} 3. Nc3 {[%clk 1:31:45]} Bg7 {[%clk 1:31:30]} 4. e4
{[%clk 1:32:10]} d6 {[%clk 1:31:50]} 5. f3 {[%clk 1:32:33]} O-O {[%clk 1:32:11]}
6. Be3 {[%clk 1:32:57]} c5 {[%clk 1:32:26]} 7. Nge2 {[%clk 1:32:15]} Nc6
{[%clk 1:31:20]} 8. Qd2 {[%clk 1:32:13]} cxd4 {[%clk 1:27:55]} 9. Nxd4
{[%clk 1:32:33]} Nxd4 {[%clk 1:24:40]} 10. Bxd4 {[%clk 1:32:47]} Bd7
{[%clk 1:17:46]} 11. O-O-O {[%clk 1:30:55]} a6 {[%clk 1:15:19]} 12. h4
{[%clk 1:29:22]} b5 {[%clk 1:12:46]} 13. Kb1 {[%clk 1:24:25]} bxc4
{[%clk 1:02:40]} 14. Bxc4 {[%clk 1:24:38]} Qc7 {[%clk 0:57:32]} 15. Bb3
{[%clk 1:22:31]} Be6 {[%clk 0:49:54]} 16. Nd5 {[%clk 1:21:10]} Bxd5
{[%clk 0:49:07]} 17. exd5 {[%clk 1:20:48]} Rfc8 {[%clk 0:41:57]} 18. Rc1
{[%clk 1:19:47]} Qb7 {[%clk 0:36:44]} 19. g4 {[%clk 1:17:26]} Rxc1+
{[%clk 0:33:03]} 20. Rxc1 {[%clk 1:17:45]} Rc8 {[%clk 0:31:41]} 21. Rxc8+
{[%clk 1:16:31]} Qxc8 {[%clk 0:32:06]} 22. Qe2 {[%clk 1:15:52]} Qb7
{[%clk 0:28:56]} 23. Qc4 {[%clk 1:14:01]} Nd7 {[%clk 0:17:04]} 24. Bxg7
{[%clk 1:13:07]} Kxg7 {[%clk 0:17:26]} 25. Qc6 {[%clk 1:12:15]} Qa7
{[%clk 0:16:11]} 26. Qc3+ {[%clk 1:11:21]} f6 {[%clk 0:15:56]} 27. Qe1
{[%clk 1:10:52]} Ne5 {[%clk 0:13:46]} 28. Bd1 {[%clk 1:10:16]} Qd4
{[%clk 0:10:01]} 29. Bb3 {[%clk 1:06:44]} Qd3+ {[%clk 0:08:02]} 30. Kc1
{[%clk 1:05:31]} Qxf3 {[%clk 0:08:08]} 31. Qa5 {[%clk 1:04:54]} Qxg4
{[%clk 0:06:38]} 32. Qxa6 {[%clk 1:04:54]} Qxh4 {[%clk 0:05:57]} 33. Qb7
{[%clk 1:04:44]} Qe1+ {[%clk 0:05:36]} 34. Bd1 {[%clk 1:04:15]} Qe3+
{[%clk 0:05:02]} 35. Kc2 {[%clk 1:04:09]} Qe4+ {[%clk 0:03:59]} 36. Kc1
{[%clk 1:04:08]} Nd3+ {[%clk 0:02:35]} 37. Kd2 {[%clk 1:04:20]} Qb4+
{[%clk 0:01:36]} 38. Qxb4 {[%clk 1:04:44]} Nxb4 {[%clk 0:02:02]} 39. a4
{[%clk 1:04:41]} Nxd5 {[%clk 0:01:33]} 40. a5 {[%clk 1:34:55]} Nc7
{[%clk 0:31:26]} 41. b4 {[%clk 1:35:07]} Kf7 {[%clk 0:16:41]} 42. Ba4
{[%clk 1:33:20]} Ke6 {[%clk 0:14:34]} 43. Bc6 {[%clk 1:32:56]} d5
{[%clk 0:12:12]} 44. Ba4 {[%clk 1:30:15]} Kd6 {[%clk 0:12:00]} 45. Kd3
{[%clk 1:29:17]} Na6 {[%clk 0:07:38]} 46. Kc3 {[%clk 1:28:59]} Kc7
{[%clk 0:06:54]} 47. b5 {[%clk 1:28:40]} Nb8 {[%clk 0:04:31]} 48. Kd4
{[%clk 1:27:52]} e6 {[%clk 0:04:34]} 49. Kc5 {[%clk 1:27:24]} Nd7+
{[%clk 0:04:42]} 50. Kd4 {[%clk 1:27:37]} Kb7 {[%clk 0:03:09]} 51. b6
{[%clk 1:26:44]} Nxb6 {[%clk 0:03:01]} 52. axb6 {[%clk 1:27:06]} Kxb6
{[%clk 0:03:26]} 53. Bd7 {[%clk 1:27:20]} e5+ {[%clk 0:02:34]} 54. Kxd5
{[%clk 1:27:43]} Kc7 {[%clk 0:02:49]} 55. Bh3 {[%clk 1:28:05]} Kb6
{[%clk 0:02:07]} 56. Bg2 {[%clk 1:27:18]} h5 {[%clk 0:01:29]} 57. Ke6
{[%clk 1:26:08]} Kc5 {[%clk 0:01:33]} 58. Kxf6 {[%clk 1:26:32]} Kd4
{[%clk 0:01:53]} 59. Kxg6 {[%clk 1:26:53]} e4 {[%clk 0:02:10]} 60. Bxe4
{[%clk 1:27:18]} 1/2-1/2

[Event "Agen 2017 - Open C"]
[Site "?"]
[Date "2017.08.23"]
[Round "5.3"]
[White "Lebreton, Tristan"]
[Black "Gault, Emmanuel"]
[Result "1-0"]
[LiveChessVersion "1.4.8"]
[BlackElo "1711"]
[WhiteElo "1759"]

1. d4 {[%clk 1:30:51]} Nf6 {[%clk 1:30:54]} 2. c4 {[%clk 1:31:15]} g6
{[%clk 1:31:18]} 3. Nc3 {[%clk 1:31:37]} d5 {[%clk 1:31:40]} 4. cxd5
{[%clk 1:31:59]} Nxd5 {[%clk 1:32:04]} 5. e4 {[%clk 1:32:23]} Nxc3
{[%clk 1:32:29]} 6. bxc3 {[%clk 1:32:50]} Bg7 {[%clk 1:32:52]} 7. Bc4
{[%clk 1:33:16]} O-O {[%clk 1:32:37]} 8. Ne2 {[%clk 1:33:41]} b6 {[%clk 1:32:06]}
9. O-O {[%clk 1:26:09]} Bb7 {[%clk 1:32:08]} 10. Qc2 {[%clk 1:14:15]} e6
{[%clk 1:32:03]} 11. f4 {[%clk 1:12:30]} Qe7 {[%clk 1:29:55]} 12. f5
{[%clk 1:04:39]} exf5 {[%clk 1:29:26]} 13. exf5 {[%clk 1:03:20]} Be4
{[%clk 1:29:42]} 14. Bd3 gxf5 {[%clk 1:28:47]} 15. Ng3 {[%clk 1:03:20]} Nd7
{[%clk 1:26:36]} 16. Nxe4 {[%clk 0:58:35]} fxe4 {[%clk 1:26:33]} 17. Bxe4
{[%clk 0:58:56]} Rae8 {[%clk 1:24:40]} 18. Bxh7+ {[%clk 0:59:13]} Kh8
{[%clk 1:25:03]} 19. Bd3 {[%clk 0:57:22]} c5 {[%clk 1:21:34]} 20. Qd1
{[%clk 0:43:16]} f5 {[%clk 1:14:47]} 21. Qh5+ {[%clk 0:40:51]} Kg8
{[%clk 1:14:53]} 22. Bc4+ {[%clk 0:39:29]} Rf7 {[%clk 1:15:09]} 23. Bg5
{[%clk 0:39:11]} Nf6 {[%clk 1:14:48]} 24. Bxf6 {[%clk 0:30:20]} Bxf6
{[%clk 1:14:57]} 25. Rae1 {[%clk 0:29:57]} Qd7 {[%clk 1:14:15]} 26. Qxf7+
{[%clk 0:30:16]} Qxf7 {[%clk 1:14:28]} 27. Rxe8+ 1-0

[Event "Agen 2017 - Open C"]
[Site "?"]
[Date "2017.08.23"]
[Round "5.4"]
[White "Perdrisot, Elie"]
[Black "Jackson, Daniel"]
[Result "0-1"]
[LiveChessVersion "1.4.8"]
[BlackElo "1754"]
[WhiteElo "1537"]

1. e4 {[%clk 1:30:59]} c5 {[%clk 1:30:43]} 2. Nc3 {[%clk 1:31:23]} d6
{[%clk 1:30:41]} 3. g3 {[%clk 1:31:48]} Nf6 {[%clk 1:28:46]} 4. Bg2
{[%clk 1:32:10]} Nc6 {[%clk 1:28:33]} 5. Nge2 {[%clk 1:32:36]} a6
{[%clk 1:26:51]} 6. d3 {[%clk 1:32:13]} e6 {[%clk 1:26:50]} 7. O-O
{[%clk 1:32:21]} Be7 {[%clk 1:26:51]} 8. h3 {[%clk 1:32:41]} Qc7 {[%clk 1:26:57]}
9. a4 {[%clk 1:32:30]} b6 {[%clk 1:24:14]} 10. Be3 {[%clk 1:31:12]} Bb7
{[%clk 1:24:31]} 11. Qd2 {[%clk 1:31:27]} Rd8 {[%clk 1:24:19]} 12. g4
{[%clk 1:23:36]} h6 {[%clk 1:16:07]} 13. f4 {[%clk 1:19:17]} Nb4 {[%clk 0:54:23]}
14. Bf2 {[%clk 1:10:24]} d5 {[%clk 0:49:02]} 15. e5 {[%clk 1:08:18]} Nd7
{[%clk 0:49:11]} 16. Ng3 {[%clk 1:05:46]} g5 {[%clk 0:45:47]} 17. d4
{[%clk 0:43:07]} Nc6 {[%clk 0:32:20]} 18. Bxd5 {[%clk 0:23:36]} exd5
{[%clk 0:30:06]} 19. Nxd5 {[%clk 0:21:59]} Qb8 {[%clk 0:30:03]} 20. Nxe7
{[%clk 0:22:07]} Nxe7 {[%clk 0:30:16]} 21. fxg5 {[%clk 0:22:08]} Nxe5
{[%clk 0:30:07]} 22. Be3 {[%clk 0:15:59]} Nf3+ {[%clk 0:30:18]} 23. Rxf3
{[%clk 0:16:24]} Bxf3 {[%clk 0:30:41]} 24. Bf4 {[%clk 0:16:33]} Qb7
{[%clk 0:29:52]} 25. gxh6 {[%clk 0:16:46]} Rxd4 {[%clk 0:28:10]} 26. Qe3
{[%clk 0:16:50]} Kd7 {[%clk 0:21:52]} 27. Be5 {[%clk 0:08:48]} Re8
{[%clk 0:14:57]} 28. Bxd4 {[%clk 0:08:16]} cxd4 {[%clk 0:14:29]} 29. Qxd4+
{[%clk 0:08:33]} Kc8 {[%clk 0:14:49]} 30. Qc4+ {[%clk 0:07:09]} Qc7
{[%clk 0:14:14]} 31. Qxc7+ {[%clk 0:06:45]} Kxc7 {[%clk 0:14:42]} 32. Kf2
{[%clk 0:06:40]} Bc6 {[%clk 0:14:42]} 33. h4 {[%clk 0:05:57]} Rh8
{[%clk 0:13:55]} 34. g5 {[%clk 0:05:43]} Ng6 {[%clk 0:14:21]} 35. h5
{[%clk 0:06:06]} Nf4 {[%clk 0:14:27]} 36. Ke3 {[%clk 0:02:13]} Ne6
{[%clk 0:14:39]} 37. g6 {[%clk 0:02:24]} fxg6 {[%clk 0:14:59]} 38. hxg6
{[%clk 0:01:25]} Rxh6 {[%clk 0:15:11]} 39. Rf1 {[%clk 0:01:08]} Rxg6
{[%clk 0:15:04]} 40. Rf7+ {[%clk 0:31:34]} Bd7 {[%clk 0:45:05]} 41. Ne4
{[%clk 0:31:57]} Rg7 {[%clk 0:45:09]} 0-1

[Event "Agen 2017 - Open D"]
[Site "?"]
[Date "2017.08.23"]
[Round "5.1"]
[White "Rubio, Valentin"]
[Black "Normand, Nicolas"]
[Result "1-0"]
[LiveChessVersion "1.4.8"]
[BlackElo "1495"]
[WhiteElo "1439"]

1. e4 {[%clk 1:30:56]} e5 {[%clk 1:21:01]} 2. Nf3 {[%clk 1:31:19]} Nc6
{[%clk 1:21:07]} 3. d4 {[%clk 1:31:37]} exd4 {[%clk 1:17:11]} 4. Nxd4
{[%clk 1:31:58]} Bc5 {[%clk 1:16:59]} 5. Be3 {[%clk 1:32:17]} Nxd4
{[%clk 1:15:37]} 6. Bxd4 {[%clk 1:32:40]} Bxd4 {[%clk 1:10:13]} 7. Qxd4
{[%clk 1:33:01]} Qf6 {[%clk 1:07:24]} 8. Qxf6 {[%clk 1:14:33]} Nxf6
{[%clk 1:07:34]} 9. Nc3 {[%clk 1:14:23]} O-O {[%clk 0:59:01]} 10. Bc4
{[%clk 1:11:45]} Re8 {[%clk 0:57:49]} 11. O-O-O {[%clk 1:03:51]} c6
{[%clk 0:39:53]} 12. Rhe1 {[%clk 1:00:50]} b5 {[%clk 0:28:19]} 13. Bd3
{[%clk 0:47:11]} a5 {[%clk 0:26:48]} 14. f3 {[%clk 0:32:59]} h5 {[%clk 0:19:59]}
15. e5 {[%clk 0:28:51]} Nh7 {[%clk 0:20:01]} 16. f4 {[%clk 0:28:19]} g6
{[%clk 0:17:00]} 17. Ne4 {[%clk 0:25:30]} Kg7 {[%clk 0:16:08]} 18. Nd6
{[%clk 0:20:09]} Re7 {[%clk 0:14:57]} 19. f5 {[%clk 0:18:12]} g5 {[%clk 0:05:43]}
20. f6+ {[%clk 0:17:26]} Nxf6 {[%clk 0:00:55]} 21. Nf5+ {[%clk 0:17:51]} Kf8
{[%clk 0:00:57]} 22. Nxe7 {[%clk 0:18:09]} Kxe7 {[%clk 0:01:13]} 23. exf6+
{[%clk 0:18:35]} Kxf6 {[%clk 0:01:19]} 24. Rf1+ {[%clk 0:17:55]} Kg7
{[%clk 0:01:12]} 25. Rde1 {[%clk 0:17:45]} d5 {[%clk 0:00:59]} 26. Re7
{[%clk 0:17:20]} Be6 {[%clk 0:01:07]} 27. Bf5 {[%clk 0:17:30]} Bxf5
{[%clk 0:00:33]} 28. Rxf5 {[%clk 0:17:55]} Rf8 {[%clk 0:00:48]} 29. Rxg5+
{[%clk 0:17:47]} Kf6 {[%clk 0:01:09]} 30. Ree5 {[%clk 0:17:19]} Rh8
{[%clk 0:01:08]} 31. Rxh5 {[%clk 0:17:29]} Rg8 {[%clk 0:00:42]} 32. Rhf5+
{[%clk 0:17:30]} Kg7 {[%clk 0:00:52]} 33. Rg5+ {[%clk 0:17:50]} Kf6
{[%clk 0:00:47]} 34. h4 {[%clk 0:16:12]} Rg6 {[%clk 0:00:37]} 35. g4
{[%clk 0:13:40]} Kg7 {[%clk 0:00:36]} 36. h5 {[%clk 0:13:31]} Rxg5
{[%clk 0:00:40]} 37. Rxg5+ {[%clk 0:13:56]} Kh6 {[%clk 0:00:40]} 38. Rf5
{[%clk 0:14:10]} Kg7 {[%clk 0:01:04]} 39. g5 {[%clk 0:13:35]} Kg8
{[%clk 0:00:53]} 40. h6 {[%clk 0:43:13]} a4 {[%clk 0:31:10]} 41. Kd2
{[%clk 0:43:32]} b4 {[%clk 0:31:22]} 42. Ke3 {[%clk 0:42:22]} a3 {[%clk 0:31:08]}
43. bxa3 {[%clk 0:42:15]} bxa3 {[%clk 0:31:29]} 44. Kd4 {[%clk 0:42:19]} 1-0

[Event "Agen 2017 - Open D"]
[Site "?"]
[Date "2017.08.23"]
[Round "5.2"]
[White "Fossella, Manuel"]
[Black "Rozec, Mialy"]
[Result "1-0"]
[LiveChessVersion "1.4.8"]
[BlackElo "1435"]
[WhiteElo "1455"]

1. e4 {[%clk 1:30:37]} c6 {[%clk 1:30:50]} 2. d4 {[%clk 1:30:27]} g6
{[%clk 1:31:06]} 3. Nf3 {[%clk 1:30:35]} Bg7 {[%clk 1:31:28]} 4. Bf4
{[%clk 1:30:39]} d5 {[%clk 1:20:16]} 5. exd5 {[%clk 1:29:55]} cxd5
{[%clk 1:20:39]} 6. Bxb8 {[%clk 1:25:34]} Rxb8 {[%clk 1:20:34]} 7. c3
{[%clk 1:25:39]} Qb6 {[%clk 1:03:17]} 8. Qe2 {[%clk 1:19:43]} Nf6
{[%clk 0:49:49]} 9. b3 {[%clk 1:14:46]} a6 {[%clk 0:39:26]} 10. Nbd2
{[%clk 1:14:41]} Qa5 {[%clk 0:32:33]} 11. b4 {[%clk 1:11:06]} Qc7
{[%clk 0:31:36]} 12. Rc1 {[%clk 1:07:38]} Bg4 {[%clk 0:27:35]} 13. h3
{[%clk 1:06:31]} Bxf3 {[%clk 0:26:36]} 14. Qxf3 {[%clk 1:06:14]} O-O
{[%clk 0:25:25]} 15. Be2 {[%clk 1:06:20]} Bh6 {[%clk 0:23:46]} 16. Rc2
{[%clk 1:05:30]} Bxd2+ {[%clk 0:16:26]} 17. Rxd2 {[%clk 1:05:51]} Ne4
{[%clk 0:16:48]} 18. Rc2 {[%clk 1:04:46]} b5 {[%clk 0:15:19]} 19. O-O
{[%clk 1:05:03]} e6 {[%clk 0:14:40]} 20. Qe3 {[%clk 1:02:20]} Rfc8
{[%clk 0:14:01]} 21. Rfc1 {[%clk 1:01:38]} Nd6 {[%clk 0:13:39]} 22. g4
{[%clk 0:58:21]} Nc4 {[%clk 0:10:13]} 23. Bxc4 {[%clk 0:58:44]} Qxc4
{[%clk 0:08:55]} 24. h4 {[%clk 0:55:55]} Re8 {[%clk 0:05:17]} 25. f4
{[%clk 0:54:47]} f5 {[%clk 0:04:07]} 26. g5 {[%clk 0:54:27]} Qc7 {[%clk 0:04:32]}
27. Ra1 {[%clk 0:53:19]} Kf7 {[%clk 0:02:51]} 28. Qf2 {[%clk 0:52:16]} Ra8
{[%clk 0:00:38]} 29. Qh2 {[%clk 0:52:14]} Rh8 {[%clk 0:00:38]} 30. Kf2
{[%clk 0:48:51]} Qc4 {[%clk 0:00:34]} 31. Ke3 {[%clk 0:48:34]} Qc7
{[%clk 0:00:35]} 32. Rh1 {[%clk 0:47:42]} Kg7 {[%clk 0:00:36]} 33. Qe2
{[%clk 0:45:54]} Qd6 {[%clk 0:00:34]} 34. Kf3 {[%clk 0:46:05]} Rac8
{[%clk 0:00:33]} 35. h5 {[%clk 0:45:30]} Qc7 {[%clk 0:00:33]} 36. Qxe6
{[%clk 0:45:10]} Qc6 {[%clk 0:00:32]} 37. Qe7+ {[%clk 0:43:11]} Kg8
{[%clk 0:00:38]} 38. h6 {[%clk 0:41:37]} Qc7 {[%clk 0:00:33]} 39. Qe6+
{[%clk 0:41:44]} Kf8 {[%clk 0:00:49]} 40. Re1 {[%clk 1:11:03]} Qf7
{[%clk 0:30:34]} 41. Qxc8+ {[%clk 1:11:02]} 1-0

[Event "Agen 2017 - Open D"]
[Site "?"]
[Date "2017.08.23"]
[Round "5.3"]
[White "Alachtar, Socrate"]
[Black "Andre, Victoria"]
[Result "0-1"]
[LiveChessVersion "1.4.8"]
[BlackElo "1452"]
[WhiteElo "1426"]

1. d4 {[%clk 1:30:58]} Nf6 {[%clk 1:30:51]} 2. Nf3 {[%clk 1:31:18]} g6
{[%clk 1:30:14]} 3. Bf4 {[%clk 1:31:11]} Bg7 {[%clk 1:29:56]} 4. c4
{[%clk 1:31:15]} c5 {[%clk 1:28:07]} 5. Nc3 {[%clk 1:30:33]} cxd4
{[%clk 1:25:50]} 6. Nxd4 {[%clk 1:30:41]} d6 {[%clk 1:18:22]} 7. Nf3
{[%clk 1:30:46]} O-O {[%clk 1:17:39]} 8. h3 {[%clk 1:30:52]} Nc6 {[%clk 1:17:09]}
9. e3 {[%clk 1:30:55]} Qb6 {[%clk 1:14:54]} 10. Rb1 {[%clk 1:29:38]} Bf5
{[%clk 1:10:37]} 11. Bd3 {[%clk 1:28:08]} e5 {[%clk 1:05:59]} 12. e4
{[%clk 1:26:51]} Bxe4 {[%clk 0:57:17]} 13. Be3 {[%clk 1:26:30]} Bxf3
{[%clk 0:56:39]} 14. Bxb6 {[%clk 1:25:42]} Bxd1 {[%clk 0:56:59]} 15. Be3
{[%clk 1:25:45]} Nb4 {[%clk 0:55:33]} 16. Kd2 {[%clk 1:24:48]} e4
{[%clk 0:51:12]} 17. Nxe4 {[%clk 1:23:12]} Nxe4+ {[%clk 0:48:07]} 18. Bxe4
{[%clk 1:23:32]} Ba4 {[%clk 0:47:54]} 19. a3 {[%clk 1:23:21]} d5 {[%clk 0:44:29]}
20. axb4 {[%clk 1:22:22]} dxe4 {[%clk 0:44:47]} 21. b5 {[%clk 1:22:25]} Bb3
{[%clk 0:42:50]} 22. Rhc1 {[%clk 1:21:03]} Rac8 {[%clk 0:36:43]} 23. c5
{[%clk 1:20:33]} Rfd8+ {[%clk 0:35:01]} 24. Ke2 {[%clk 1:20:34]} Ba4
{[%clk 0:29:49]} 25. b6 {[%clk 1:19:28]} axb6 {[%clk 0:28:36]} 26. cxb6
{[%clk 1:19:25]} Rxc1 {[%clk 0:27:51]} 27. Bxc1 {[%clk 1:18:24]} Bd4
{[%clk 0:25:17]} 28. Be3 {[%clk 1:15:35]} Bxe3 {[%clk 0:21:28]} 29. Kxe3
{[%clk 1:15:50]} Rd1 {[%clk 0:20:37]} 30. Rxd1 {[%clk 1:16:00]} Bxd1
{[%clk 0:21:02]} 31. Kxe4 {[%clk 1:16:19]} Ba4 {[%clk 0:21:11]} 32. Ke5
{[%clk 1:16:20]} Kg7 {[%clk 0:21:32]} 33. g4 {[%clk 1:15:00]} g5 {[%clk 0:19:00]}
34. f4 {[%clk 1:13:55]} f6+ {[%clk 0:17:06]} 35. Ke4 {[%clk 1:13:19]} Bc6+
{[%clk 0:17:02]} 36. Ke3 {[%clk 1:13:03]} Bg2 {[%clk 0:15:55]} 37. Kf2
{[%clk 1:10:53]} Bxh3 {[%clk 0:16:10]} 38. Kg3 {[%clk 1:10:59]} Bf1
{[%clk 0:16:34]} 39. fxg5 {[%clk 1:11:02]} fxg5 {[%clk 0:16:52]} 40. Kf3
{[%clk 1:41:01]} Kg6 {[%clk 0:46:45]} 41. Kf2 {[%clk 1:41:03]} Bb5
{[%clk 0:46:45]} 42. b4 {[%clk 1:41:13]} h5 {[%clk 0:46:56]} 43. Kg3
{[%clk 1:41:26]} hxg4 {[%clk 0:47:04]} 44. Kxg4 {[%clk 1:41:52]} Kf6
{[%clk 0:47:23]} 45. Kg3 {[%clk 1:41:51]} Kf5 {[%clk 0:47:37]} 46. Kf3
{[%clk 1:42:01]} Bc6+ {[%clk 0:48:02]} 47. Kg3 {[%clk 1:42:21]} g4
{[%clk 0:48:26]} 48. b5 {[%clk 1:42:16]} Bd5 {[%clk 0:48:43]} 49. Kf2
{[%clk 1:42:31]} Kf4 {[%clk 0:49:05]} 50. Kg1 {[%clk 1:42:46]} Kf3
{[%clk 0:49:10]} 51. Kf1 {[%clk 1:42:51]} g3 {[%clk 0:49:28]} 52. Kg1
{[%clk 1:43:00]} g2 {[%clk 0:49:47]} 53. Kh2 {[%clk 1:43:12]} Kf2
{[%clk 0:50:09]} 54. Kh3 {[%clk 1:43:24]} g1=Q {[%clk 0:50:29]} 55. Kh4
{[%clk 1:43:48]} Bf7 {[%clk 0:50:38]} 56. Kh3 {[%clk 1:44:02]} Qg3#
{[%clk 0:51:02]} 0-1

[Event "Agen 2017 - Open D"]
[Site "?"]
[Date "2017.08.23"]
[Round "5.4"]
[White "Jugeau, Frederic"]
[Black "Salvi, Jean-Pierre"]
[Result "1-0"]
[LiveChessVersion "1.4.8"]
[BlackElo "1443"]
[WhiteElo "1423"]

1. e4 {[%clk 1:30:11]} d6 {[%clk 1:30:42]} 2. d4 {[%clk 1:30:23]} Nf6
{[%clk 1:30:51]} 3. Nc3 {[%clk 1:30:34]} g6 {[%clk 1:31:10]} 4. f4
{[%clk 1:30:53]} Bg7 {[%clk 1:31:22]} 5. Nf3 {[%clk 1:31:07]} c5 {[%clk 1:30:08]}
6. Bb5+ {[%clk 1:13:46]} Bd7 {[%clk 1:29:40]} 7. e5 {[%clk 1:08:48]} Bxb5
{[%clk 1:27:56]} 8. exf6 {[%clk 1:07:00]} Bxf6 {[%clk 1:26:59]} 9. Nxb5
{[%clk 1:07:04]} Qa5+ {[%clk 1:27:20]} 10. Nc3 {[%clk 1:05:41]} cxd4
{[%clk 1:27:22]} 11. Nxd4 {[%clk 1:05:59]} Qc5 {[%clk 1:22:25]} 12. Nde2
{[%clk 1:01:16]} Nc6 {[%clk 1:22:11]} 13. Qd5 {[%clk 0:54:14]} Qb6
{[%clk 1:20:31]} 14. Qb5 {[%clk 0:53:39]} Qc7 {[%clk 1:20:31]} 15. Be3
{[%clk 0:52:42]} a6 {[%clk 1:18:59]} 16. Nd5 {[%clk 0:48:13]} axb5
{[%clk 1:16:24]} 17. Nxc7+ {[%clk 0:48:18]} Kd7 {[%clk 1:16:40]} 18. Nxa8
{[%clk 0:48:33]} Rxa8 {[%clk 1:16:29]} 19. c3 {[%clk 0:44:45]} b4
{[%clk 1:16:47]} 20. O-O {[%clk 0:40:39]} e6 {[%clk 1:09:22]} 21. Rfd1
{[%clk 0:39:26]} b5 {[%clk 1:03:30]} 22. Nd4 {[%clk 0:35:37]} bxc3
{[%clk 0:57:23]} 23. bxc3 {[%clk 0:35:44]} Na7 {[%clk 0:52:03]} 24. a4
{[%clk 0:29:50]} Rc8 {[%clk 0:45:35]} 25. Nxb5 {[%clk 0:26:51]} Nxb5
{[%clk 0:43:20]} 26. axb5 {[%clk 0:24:44]} Rxc3 {[%clk 0:33:53]} 27. Bd4
{[%clk 0:24:15]} Bxd4+ {[%clk 0:30:57]} 28. Rxd4 {[%clk 0:24:27]} Rb3
{[%clk 0:30:28]} 29. Ra7+ {[%clk 0:23:16]} Ke8 {[%clk 0:28:19]} 30. Rc4
{[%clk 0:22:25]} 1-0